<?xml version="1.0" encoding="UTF-8"?>
<record
    xmlns:xsi="http://www.w3.org/2001/XMLSchema-instance"
    xsi:schemaLocation="http://www.loc.gov/MARC21/slim http://www.loc.gov/standards/marcxml/schema/MARC21slim.xsd"
    xmlns="http://www.loc.gov/MARC21/slim">

  <leader>01988cam0a2200433   4500</leader>
  <controlfield tag="001">14038</controlfield>
  <controlfield tag="003">http://www.sudoc.fr/263548856</controlfield>
  <controlfield tag="005">20260311141115.0</controlfield>
  <datafield tag="010" ind1=" " ind2=" ">
    <subfield code="a">9782874281297</subfield>
    <subfield code="d">17 EUR</subfield>
  </datafield>
  <datafield tag="035" ind1=" " ind2=" ">
    <subfield code="a">(OCoLC)1335137327</subfield>
  </datafield>
  <datafield tag="073" ind1=" " ind2="2">
    <subfield code="a">9782874281297</subfield>
  </datafield>
  <datafield tag="090" ind1=" " ind2=" ">
    <subfield code="a">14038</subfield>
  </datafield>
  <datafield tag="099" ind1=" " ind2=" ">
    <subfield code="o">0</subfield>
  </datafield>
  <datafield tag="100" ind1=" " ind2=" ">
    <subfield code="a">20220712d2022    m  y0frey50      ba</subfield>
  </datafield>
  <datafield tag="101" ind1="0" ind2=" ">
    <subfield code="a">fre</subfield>
  </datafield>
  <datafield tag="101" ind1="0" ind2=" ">
    <subfield code="f">fre</subfield>
    <subfield code="f">ara</subfield>
    <subfield code="j">goh</subfield>
  </datafield>
  <datafield tag="102" ind1=" " ind2=" ">
    <subfield code="a">BE</subfield>
  </datafield>
  <datafield tag="105" ind1=" " ind2=" ">
    <subfield code="a">a   a   000yd</subfield>
  </datafield>
  <datafield tag="181" ind1=" " ind2=" ">
    <subfield code="6">z01</subfield>
    <subfield code="c">txt</subfield>
    <subfield code="2">rdacontent</subfield>
  </datafield>
  <datafield tag="181" ind1=" " ind2="1">
    <subfield code="6">z01</subfield>
    <subfield code="a">i#</subfield>
    <subfield code="b">xxxe##</subfield>
  </datafield>
  <datafield tag="182" ind1=" " ind2=" ">
    <subfield code="6">z01</subfield>
    <subfield code="c">n</subfield>
    <subfield code="2">rdamedia</subfield>
  </datafield>
  <datafield tag="182" ind1=" " ind2="1">
    <subfield code="6">z01</subfield>
    <subfield code="a">n</subfield>
  </datafield>
  <datafield tag="183" ind1=" " ind2="1">
    <subfield code="6">z01</subfield>
    <subfield code="a">nga</subfield>
    <subfield code="2">RDAfrCarrier</subfield>
  </datafield>
  <datafield tag="200" ind1="1" ind2=" ">
    <subfield code="a">Sc&#xE8;nes contemporaines des mondes arabes</subfield>
    <subfield code="d">= &#x627;&#x644;&#x645;&#x633;&#x627;&#x631;&#x62D; &#x627;&#x644;&#x639;&#x631;&#x628;&#x64A;&#x629; &#x627;&#x644;&#x645;&#x639;&#x627;&#x635;&#x631;&#x629;</subfield>
    <subfield code="b">LIVR</subfield>
  </datafield>
  <datafield tag="200" ind1="1" ind2=" ">
    <subfield code="a">Sc&#xE8;nes contemporaines des mondes arabes</subfield>
    <subfield code="d">= Al-Mas&#x101;ra&#x1E25; al-&#x2BF;arabiyya&#x1E97; al-mu&#x2BF;&#x101;&#x1E63;ira&#x1E97;</subfield>
    <subfield code="b">LIVR</subfield>
  </datafield>
  <datafield tag="200" ind1="1" ind2=" ">
    <subfield code="z">ara</subfield>
  </datafield>
  <datafield tag="200" ind1="1" ind2=" ">
    <subfield code="z">ara</subfield>
  </datafield>
  <datafield tag="214" ind1=" " ind2="0">
    <subfield code="c">Alternatives th&#xE9;&#xE2;trales</subfield>
    <subfield code="d">2022</subfield>
  </datafield>
  <datafield tag="214" ind1=" " ind2="0">
    <subfield code="a">Bruxelles</subfield>
  </datafield>
  <datafield tag="215" ind1=" " ind2=" ">
    <subfield code="a">1 vol. (79 p.)</subfield>
  </datafield>
  <datafield tag="215" ind1=" " ind2=" ">
    <subfield code="c">photogr. en coul., couv. ill. en coul.</subfield>
    <subfield code="d">30 cm</subfield>
  </datafield>
  <datafield tag="305" ind1=" " ind2=" ">
    <subfield code="a">N&#xB0; de : "Alternatives th&#xE9;&#xE2;trales", ISSN 0774-4145, (Juillet 2022), n&#xB0;147</subfield>
  </datafield>
  <datafield tag="320" ind1=" " ind2=" ">
    <subfield code="a">Notes bibliogr.</subfield>
  </datafield>
  <datafield tag="330" ind1=" " ind2=" ">
    <subfield code="a">Que sait-on des sc&#xE8;nes contemporaines des mondes arabes? De leurs contextes de cr&#xE9;ation ? Des artistes qui les font na&#xEE;tre et vivre, ici et l&#xE0;-bas ? De l'Irak &#xE0; la Palestine, en passant par la r&#xE9;sistance artistque des Printemps arabes, ce num&#xE9;ro est un "chant d'amour" aurait dit Jean Genet, captif amoureux de ces mondes. &#xC9;clectique et passionn&#xE9; mais &#xE9;loign&#xE9; d'un orientalisme na&#xEF;f, ce num&#xE9;ro propose donc une immersion dans ces sc&#xE8;nes passionnantes aux esth&#xE9;tiques et id&#xE9;es puissantes</subfield>
  </datafield>
  <datafield tag="461" ind1=" " ind2=" ">
    <subfield code="0">039731227</subfield>
    <subfield code="t">Alternatives th&#xE9;&#xE2;trales</subfield>
    <subfield code="x">0774-4145</subfield>
    <subfield code="v">147</subfield>
  </datafield>
  <datafield tag="606" ind1=" " ind2=" ">
    <subfield code="3">027253066</subfield>
    <subfield code="a">Th&#xE9;&#xE2;tre</subfield>
    <subfield code="3">027228959</subfield>
    <subfield code="y">Pays arabes</subfield>
    <subfield code="2">rameau</subfield>
  </datafield>
  <datafield tag="606" ind1=" " ind2=" ">
    <subfield code="3">029772990</subfield>
    <subfield code="a">Th&#xE9;&#xE2;tre (genre litt&#xE9;raire) arabe</subfield>
    <subfield code="3">086305646</subfield>
    <subfield code="z">XXe si&#xE8;cle</subfield>
    <subfield code="2">rameau</subfield>
  </datafield>
  <datafield tag="608" ind1=" " ind2=" ">
    <subfield code="3">122706463</subfield>
    <subfield code="a">Articles de p&#xE9;riodiques</subfield>
    <subfield code="2">rameau</subfield>
  </datafield>
  <datafield tag="801" ind1=" " ind2="3">
    <subfield code="a">FR</subfield>
    <subfield code="b">Abes</subfield>
    <subfield code="c">20240130</subfield>
    <subfield code="g">AFNOR</subfield>
  </datafield>
  <datafield tag="995" ind1=" " ind2=" ">
    <subfield code="2">0</subfield>
    <subfield code="5">2026-03-11</subfield>
    <subfield code="9">13929</subfield>
    <subfield code="c">JOL</subfield>
    <subfield code="f">JOL-007738</subfield>
    <subfield code="k">REV</subfield>
    <subfield code="o">0</subfield>
    <subfield code="b">JOL</subfield>
    <subfield code="r">LIVR</subfield>
  </datafield>
</record>
